[Event "23rd PKWN Festival it"]
[Site "Naleczow POL"]
[Date "1987.07.??"]
[Round "11"]
[White "Matlak, Marek"]
[Black "Sarwinski, Miroslaw"]
[Result "1/2-1/2"]
[WhiteElo "2440"]
[BlackElo "2345"]
[EventDate "1987.07.15"]
[PlyCount "120"]

1.Nf3 f5 2.d4 Nf6 3.g3 g6 4.Bg2 Bg7 5.c3 O-O 6.Nbd2 d5 7.Ne5 Nc6 8.Nd3 Ne4
9.Nf3 e6 10.h4 a5 11.a4 b6 12.Bf4 Ba6 13.Qc1 Rc8 14.O-O Ne7 15.b4 c5 16.b5
Bb7 17.Qb2 h6 18.Be5 g5 19.Bxg7 Kxg7 20.dxc5 bxc5 21.c4+ Rf6 22.Rfd1 Qc7 
23.e3 dxc4 24.Nc1 Nd5 25.Qe5 Ndc3 26.Re1 Bd5 27.Ne2 Nxe2+ 28.Rxe2 Qxe5 29.
Nxe5 gxh4 30.gxh4 f4 31.Rc1 Kh7 32.Bxe4+ Bxe4 33.Rxc4 Rg8+ 34.Kf1 f3 35.
Rb2 Bd5 36.Rxc5 Rf5 37.Nd3 Rh5 38.Ke1 Rxh4 39.b6 Rxa4 40.b7 Rb8 41.Rc7+ 
Kg6 42.Ne5+ Kf5 43.Nc6 Bxc6 44.Rxc6 Rb4 45.Rxb4 axb4 46.Rb6 Ke5 47.Kd2 Kd5
48.Kc2 h5 49.Rxb4 h4 50.Rxh4 Rxb7 51.Rf4 e5 52.Rxf3 Ke4 53.Rf6 Rd7 54.Rf8 
Rd5 55.Kc3 Rd7 56.Re8 Rf7 57.f4 Kxe3 58.fxe5 Ke4 59.Kc4 Rc7+ 60.Kb5 Kd5 
1/2-1/2

[Event "23rd PKWN Festival it"]
[Site "Naleczow POL"]
[Date "1987.07.??"]
[Round "11"]
[White "Redzepagic, Rolando"]
[Black "Borkowski, Franciszek"]
[Result "1/2-1/2"]
[WhiteElo "2390"]
[BlackElo "2450"]
[EventDate "1987.07.15"]
[PlyCount "117"]

1.d4 Nf6 2.c4 g6 3.Nc3 Bg7 4.e4 d6 5.Nf3 O-O 6.Be2 Nbd7 7.O-O e5 8.Be3 Ng4
9.Bg5 f6 10.Bh4 g5 11.Bg3 Nh6 12.dxe5 fxe5 13.b4 Nf7 14.Nd2 c6 15.Nb3 Nf6 
16.Rc1 Bh6 17.Qd3 Kh8 18.Rfd1 Be6 19.Na5 Qe7 20.b5 c5 21.Rb1 Rg8 22.Nb3 g4
23.Nd2 Bg5 24.f3 h5 25.fxg4 h4 26.Bf2 Bxd2 27.Rxd2 Nxg4 28.Bxg4 Rxg4 29.h3
Rg7 30.Kh1 Rag8 31.Rg1 Qf6 32.Qe2 Qh6 33.Nd5 Bxd5 34.Rxd5 Qf4 35.Rd3 Ng5 
36.Re3 Rf7 37.Be1 Rgf8 38.a4 Ne6 39.Bc3 Qg5 40.Qd3 Nd4 41.Be1 Qh5 42.a5 a6
43.Bc3 Rf2 44.Bxd4 exd4 45.Ree1 Qg5 46.e5 dxe5 47.Qe4 axb5 48.cxb5 c4 49.
Qd5 Rd8 50.Qxc4 d3 51.Rxe5 Qxe5 52.Qxh4+ Kg7 53.Qxd8 d2 54.a6 bxa6 55.bxa6
Qe3 56.Qa5 Re2 57.Qc7+ Kh6 58.Qd6+ Kh7 59.Qc7+ 1/2-1/2

[Event "23rd PKWN Festival it"]
[Site "Naleczow POL"]
[Date "1987.07.??"]
[Round "11"]
[White "Staniszewski, Piotr"]
[Black "Negulescu, Adrian"]
[Result "1/2-1/2"]
[WhiteElo "2445"]
[BlackElo "2435"]
[EventDate "1987.07.15"]
[PlyCount "81"]

1.Nf3 Nf6 2.c4 c5 3.Nc3 e6 4.g3 b6 5.Bg2 Bb7 6.O-O Be7 7.Re1 O-O 8.e4 d6 
9.d4 cxd4 10.Nxd4 Qc8 11.Be3 Nc6 12.Nxc6 Bxc6 13.Rc1 Qb7 14.b4 Rac8 15.b5 
Bxe4 16.Nxe4 Nxe4 17.Bxe4 Qxe4 18.Bxb6 Qb7 19.Bd4 Bd8 20.Re2 Bb6 21.Rd2 
Rfd8 22.a4 h6 23.Rd3 Qe7 24.Qd2 Qg5 25.h4 Qxd2 26.Rxd2 Bxd4 27.Rxd4 Rc5 
28.Rcd1 d5 29.cxd5 Rdxd5 30.Rxd5 exd5 31.Rb1 Kf8 32.a5 Ke7 33.b6 axb6 34.
axb6 Rc8 35.Kf1 Kd6 36.Ke2 Rb8 37.Kd3 Kc6 38.Kd4 Rxb6 39.Rxb6+ Kxb6 40.
Kxd5 Kc7 41.g4 1/2-1/2

[Event "23rd PKWN Festival it"]
[Site "Naleczow POL"]
[Date "1987.07.??"]
[Round "12"]
[White "Borkowski, Franciszek"]
[Black "Jasnikowski, Zbigniew"]
[Result "1/2-1/2"]
[WhiteElo "2450"]
[BlackElo "2410"]
[EventDate "1987.07.15"]
[PlyCount "79"]

1.e4 c5 2.Nf3 e6 3.d4 cxd4 4.Nxd4 Nf6 5.Nc3 d6 6.Be2 Be7 7.O-O a6 8.f4 Qc7
9.Kh1 O-O 10.a4 Nc6 11.Be3 Bd7 12.Bf3 Rfe8 13.Nb3 b6 14.Qe2 Bc8 15.e5 dxe5
16.fxe5 Nd7 17.Bxc6 Qxc6 18.Nd4 Qb7 19.Rxf7 Nxe5 20.Rf2 Bd7 21.Raf1 Rac8 
22.Bh6 Rc5 23.Nb3 gxh6 24.Nxc5 Bxc5 25.Qxe5 Bxf2 26.Ne4 Bh4 27.Rf7 Kxf7 
28.Nd6+ Kg8 29.Nxb7 Rf8 30.h3 Bg5 31.Kg1 Bf4 32.Qe4 h5 33.g4 h4 34.a5 Bc8 
35.axb6 Bxb7 36.Qxb7 Be3+ 37.Kg2 Rf2+ 38.Kh1 Rf1+ 39.Kh2 Rf2+ 40.Kh1 
1/2-1/2

[Event "23rd PKWN Festival it"]
[Site "Naleczow POL"]
[Date "1987.07.??"]
[Round "12"]
[White "Goldin, Alexander"]
[Black "Matlak, Marek"]
[Result "1-0"]
[WhiteElo "2465"]
[BlackElo "2440"]
[EventDate "1987.07.15"]
[PlyCount "103"]

1.d4 d5 2.c4 e6 3.Nf3 c6 4.Bg5 f6 5.Bd2 f5 6.g3 Nf6 7.Qb3 Qb6 8.Qc2 Ne4 9.
Bg2 Nd7 10.O-O Nxd2 11.Nbxd2 Nf6 12.e3 Be7 13.Ne5 O-O 14.Rab1 Bd7 15.b4 
Rfc8 16.Rfc1 Qd8 17.f3 Be8 18.Nd3 b6 19.c5 g5 20.a3 Bf8 21.Ne5 Nd7 22.Nd3 
Qf6 23.Qc3 Bg7 24.f4 g4 25.a4 Qd8 26.Nb3 Bf8 27.Qe1 Rab8 28.Bf1 Nf6 29.
cxb6 axb6 30.a5 Ne4 31.axb6 Qxb6 32.Nbc5 Nxc5 33.Nxc5 Kf7 34.Qc3 Ra8 35.
Ra1 Rcb8 36.Ra5 Bd6 37.Rca1 Rxa5 38.bxa5 Qb2 39.Qxb2 Rxb2 40.a6 Rb8 41.h3 
gxh3 42.Bxh3 Ke7 43.Bf1 Bc7 44.Kf2 Bd7 45.Be2 h5 46.Rh1 Rh8 47.Rb1 Ra8 48.
Rh1 Rh8 49.a7 Ra8 50.Rxh5 Bc8 51.Rh7+ Kd8 52.Ba6 1-0

[Event "23rd PKWN Festival it"]
[Site "Naleczow POL"]
[Date "1987.07.??"]
[Round "12"]
[White "Nun, Jiri"]
[Black "Staniszewski, Piotr"]
[Result "1/2-1/2"]
[WhiteElo "2460"]
[BlackElo "2445"]
[EventDate "1987.07.15"]
[PlyCount "70"]

1.e4 c5 2.c3 d5 3.exd5 Qxd5 4.d4 e6 5.Nf3 Nf6 6.Na3 Qd8 7.Be2 Nc6 8.O-O 
cxd4 9.Nb5 Bc5 10.Nbxd4 Nxd4 11.cxd4 Be7 12.Ne5 O-O 13.Bf3 Nd5 14.Qb3 Qd6 
15.Bd2 b6 16.a3 Bb7 17.Rac1 Rac8 18.Be4 Bf6 19.Qh3 g6 20.Rxc8 Bxc8 21.Qg3 
Bg7 22.Bb1 Bb7 23.h4 f6 24.Nf3 Qxg3 25.fxg3 f5 26.Re1 Re8 27.Ba2 Nc7 28.
Bf4 Bd5 29.Bxd5 Nxd5 30.Rc1 Kf7 31.Kf1 Ke7 32.Ke2 Kd7 33.Kd3 h6 34.Be5 Bf8
35.Bf4 Bg7 1/2-1/2

[Event "23rd PKWN Festival it"]
[Site "Naleczow POL"]
[Date "1987.07.??"]
[Round "12"]
[White "Sarwinski, Miroslaw"]
[Black "Gavrilakis, Nikolaos"]
[Result "1/2-1/2"]
[WhiteElo "2345"]
[BlackElo "2370"]
[EventDate "1987.07.15"]
[PlyCount "124"]

1.d4 Nf6 2.c4 g6 3.Nc3 Bg7 4.e4 d6 5.Nf3 O-O 6.Be2 e5 7.O-O Nc6 8.d5 Ne7 
9.b4 Nd7 10.c5 a5 11.cxd6 cxd6 12.Ba3 axb4 13.Bxb4 Nc5 14.Bxc5 dxc5 15.Qb3
g5 16.Nxg5 Ng6 17.Nf3 Nf4 18.Bc4 Qf6 19.Ne2 Ng6 20.Ng3 Bg4 21.Ne1 Nf4 22.
f3 Bd7 23.Nd3 b5 24.Bxb5 Rfb8 25.a4 Qb6 26.Nf2 Ra5 27.Rab1 Bxb5 28.axb5 
Rba8 29.Rfc1 Ra2 30.Rc2 R2a3 31.Qc4 Bf8 32.Nf5 Ra1 33.Rbc1 R8a4 34.Qf1 
Rxc1 35.Rxc1 Ra2 36.Re1 c4 37.d6 c3 38.Ne3 Qxd6 39.g3 Rxf2 40.Kxf2 Qd2+ 
41.Kg1 Bc5 42.gxf4 Bxe3+ 43.Kh1 c2 44.Qg2+ Qxg2+ 45.Kxg2 c1=Q 46.Rxc1 Bxc1
47.b6 Be3 48.b7 Ba7 49.fxe5 Bb8 50.f4 Kg7 51.Kf3 Kg6 52.Ke3 Kg7 53.h3 Kf8 
54.Ke2 h5 55.Kf3 Bc7 56.Kg3 Kg7 57.Kh4 Kh6 58.Kg3 Kg7 59.Kf3 Kf8 60.Ke3 
Ke7 61.Kd4 Kd7 62.Kd5 Bb8 1/2-1/2

[Event "23rd PKWN Festival it"]
[Site "Naleczow POL"]
[Date "1987.07.??"]
[Round "12"]
[White "Tolnai, Tibor"]
[Black "Luther, Thomas"]
[Result "1/2-1/2"]
[WhiteElo "2475"]
[BlackElo "2425"]
[EventDate "1987.07.15"]
[PlyCount "81"]

1.e4 e6 2.d4 d5 3.Nc3 Bb4 4.e5 c5 5.a3 Ba5 6.b4 cxd4 7.Qg4 Ne7 8.Qxg7 Rg8 
9.Qxh7 dxc3 10.bxa5 Nbc6 11.f4 Qxa5 12.Rb1 Bd7 13.Ne2 O-O-O 14.Qd3 d4 15.
g3 Qd5 16.Rg1 a6 17.Bg2 Qc5 18.Rb3 Nf5 19.Be4 Na5 20.Rb4 Bb5 21.Bxf5 Bxd3 
22.Bxd3 Nc6 23.Rc4 Qa5 24.a4 Kb8 25.Ba3 Qd5 26.Kf2 f6 27.Rb1 Ka8 28.Rc5 
Qd7 29.Rb6 Ka7 30.Rcxc6 bxc6 31.Rxa6+ Kb7 32.Bc5 Ra8 33.Rb6+ Kc7 34.Nxd4 
Qd5 35.Rxc6+ Kb7 36.Bb5 Rh8 37.h4 fxe5 38.Rb6+ Kc8 39.Rc6+ Kb7 40.Rb6+ Kc8
41.Rc6+ 1/2-1/2

[Event "23rd PKWN Festival it"]
[Site "Naleczow POL"]
[Date "1987.07.??"]
[Round "13"]
[White "Gavrilakis, Nikolaos"]
[Black "Goldin, Alexander"]
[Result "1/2-1/2"]
[WhiteElo "2370"]
[BlackElo "2465"]
[EventDate "1987.07.15"]
[PlyCount "20"]

1.e4 e5 2.Nf3 Nc6 3.Bb5 a6 4.Bxc6 dxc6 5.O-O f6 6.d4 exd4 7.Nxd4 c5 8.Nb3 
Qxd1 9.Rxd1 Bd7 10.Nc3 O-O-O 1/2-1/2

[Event "23rd PKWN Festival it"]
[Site "Naleczow POL"]
[Date "1987.07.??"]
[Round "13"]
[White "Jasnikowski, Zbigniew"]
[Black "Negulescu, Adrian"]
[Result "1/2-1/2"]
[WhiteElo "2410"]
[BlackElo "2435"]
[EventDate "1987.07.15"]
[PlyCount "88"]

1.e4 g6 2.d4 c6 3.c4 d5 4.exd5 cxd5 5.Nc3 Nf6 6.Qb3 Bg7 7.cxd5 O-O 8.Be2 
Nbd7 9.Bf3 Ne8 10.Nge2 Nd6 11.Be3 Nf5 12.g3 Nf6 13.O-O Nd6 14.Bg2 Bf5 15.
Rfd1 Rc8 16.Bf4 Qa5 17.Rac1 Rc7 18.Na4 Rfc8 19.Rc5 Qa6 20.Nec3 b5 21.Rxc7 
Rxc7 22.Nc5 Qb6 23.h3 h5 24.Be5 Nd7 25.Nxd7 Bxd7 26.Re1 Bf5 27.Qd1 b4 28.
Na4 Qa6 29.b3 Qc8 30.Kh2 Rc2 31.Re2 Rxe2 32.Qxe2 Qc2 33.Qe3 Bf8 34.Nc5 
Qxa2 35.f3 Qb2 36.g4 hxg4 37.hxg4 Bc8 38.Qg5 Ne8 39.Ne6 fxe6 40.Qxg6+ Ng7 
41.Bxg7 Bxg7 42.Qe8+ Kh7 43.Qh5+ Kg8 44.Qe8+ Kh7 1/2-1/2

[Event "23rd PKWN Festival it"]
[Site "Naleczow POL"]
[Date "1987.07.??"]
[Round "13"]
[White "Matlak, Marek"]
[Black "Borkowski, Franciszek"]
[Result "1/2-1/2"]
[WhiteElo "2440"]
[BlackElo "2450"]
[EventDate "1987.07.15"]
[PlyCount "31"]

1.d4 d5 2.c4 c6 3.Nf3 Nf6 4.cxd5 cxd5 5.Nc3 Nc6 6.Bf4 Bf5 7.e3 e6 8.Bd3 
Bxd3 9.Qxd3 Bd6 10.Bxd6 Qxd6 11.O-O O-O 12.Rac1 Rfc8 13.Nd2 Ng4 14.Nf3 Nf6
15.Nd2 Ng4 16.Nf3 1/2-1/2

[Event "23rd PKWN Festival it"]
[Site "Naleczow POL"]
[Date "1987.07.??"]
[Round "13"]
[White "Przewoznik, Jan"]
[Black "Sarwinski, Miroslaw"]
[Result "1-0"]
[WhiteElo "2420"]
[BlackElo "2345"]
[EventDate "1987.07.15"]
[PlyCount "85"]

1.e4 e6 2.d4 d5 3.Nc3 Nf6 4.e5 Nfd7 5.f4 c5 6.Nf3 Nc6 7.Be3 Qb6 8.Na4 Qa5+
9.c3 cxd4 10.b4 Nxb4 11.cxb4 Bxb4+ 12.Bd2 Bxd2+ 13.Nxd2 b6 14.Bd3 Ba6 15.
Nb2 Nc5 16.Bxa6 Qxa6 17.Qe2 d3 18.Qe3 Qa3 19.Qd4 O-O 20.O-O Rfd8 21.Nf3 
Rac8 22.Rfd1 Ne4 23.Rxd3 Rc3 24.Qxe4 Qxb2 25.Rad1 Rc2 26.Ng5 g6 27.Qf3 
Rdc8 28.Qh3 h5 29.Nxe6 Rc1 30.Ng5 Rxd1+ 31.Rxd1 Rc1 32.Qd3 Rxd1+ 33.Qxd1 
Qxa2 34.e6 fxe6 35.Qe1 Kf8 36.Qe5 Qb1+ 37.Kf2 Qc2+ 38.Kg3 h4+ 39.Kxh4 Qxg2
40.Qf6+ Ke8 41.Qf7+ Kd8 42.Nxe6+ Kc8 43.Qc7# 1-0

[Event "23rd PKWN Festival it"]
[Site "Naleczow POL"]
[Date "1987.07.??"]
[Round "13"]
[White "Redzepagic, Rolando"]
[Black "Nun, Jiri"]
[Result "1/2-1/2"]
[WhiteElo "2390"]
[BlackElo "2460"]
[EventDate "1987.07.15"]
[PlyCount "23"]

1.d4 Nf6 2.c4 e6 3.Nf3 b6 4.g3 Bb7 5.Bg2 Be7 6.O-O d5 7.Ne5 O-O 8.Nc3 Na6 
9.cxd5 exd5 10.b3 c5 11.Bb2 Nc7 12.dxc5 1/2-1/2

[Event "23rd PKWN Festival it"]
[Site "Naleczow POL"]
[Date "1987.07.??"]
[Round "13"]
[White "Staniszewski, Piotr"]
[Black "Tolnai, Tibor"]
[Result "1/2-1/2"]
[WhiteElo "2445"]
[BlackElo "2475"]
[EventDate "1987.07.15"]
[PlyCount "24"]

1.d4 Nf6 2.c4 e6 3.Nc3 c5 4.d5 exd5 5.cxd5 d6 6.e4 g6 7.f4 Bg7 8.Nf3 O-O 
9.Be2 Bg4 10.Nd2 Bxe2 11.Qxe2 Re8 12.O-O Na6 1/2-1/2